[Event "English Open Championship 2024"]
[Site "Holiday Inn, 212 Abbey End, Kenilworth CV8 1ED, United Kingdom"]
[Date "2024.06.20"]
[Round "1.18"]
[White "Patel, Zain"]
[Black "Carroll, Thomas"]
[Result "0-1"]
[TimeControl "G90 + 30secs/move"]
[WhiteFideId "469246"]
[BlackFideId "450111"]
[WhiteElo "1972"]
[BlackElo "2107"]

1. d4 {[%clk 01:27:12]} {[%emt 00:03:47]} Nf6 {[%clk 01:30:49]} {[%emt
00:00:11]} 2. Nf3 {[%clk 01:27:10]} {[%emt 00:00:32]} d5 {[%clk 01:31:13]}
{[%emt 00:00:06]} 3. e3 {[%clk 01:26:09]} {[%emt 00:01:31]} Bf5 {[%clk
01:31:04]} {[%emt 00:00:39]} 4. Bd3 {[%clk 01:23:44]} {[%emt 00:02:55]} Bxd3
{[%clk 01:27:12]} {[%emt 00:04:22]} 5. Qxd3 {[%clk 01:23:52]} {[%emt 00:00:21]}
Nbd7 {[%clk 01:26:11]} {[%emt 00:01:30]} 6. O-O {[%clk 01:21:59]} {[%emt
00:02:24]} e6 {[%clk 01:26:28]} {[%emt 00:00:13]} 7. Nbd2 {[%clk 01:21:17]}
{[%emt 00:01:12]} Be7 {[%clk 01:24:30]} {[%emt 00:02:28]} 8. b3 {[%clk
01:18:54]} {[%emt 00:02:53]} O-O {[%clk 01:23:03]} {[%emt 00:01:57]} 9. Bb2
{[%clk 01:18:44]} {[%emt 00:00:40]} c5 {[%clk 01:17:54]} {[%emt 00:05:39]} 10.
dxc5 {[%clk 01:10:47]} {[%emt 00:08:27]} Nxc5 {[%clk 01:15:22]} {[%emt
00:03:02]} 11. Qe2 {[%clk 01:10:41]} {[%emt 00:00:35]} Nfe4 {[%clk 01:07:41]}
{[%emt 00:08:11]} 12. c4 {[%clk 01:08:05]} {[%emt 00:03:06]} Bf6 {[%clk
01:06:17]} {[%emt 00:01:53]} 13. Bxf6 {[%clk 01:05:46]} {[%emt 00:02:50]} Nxf6
{[%clk 01:05:11]} {[%emt 00:01:36]} 14. Rfd1 {[%clk 01:04:44]} {[%emt
00:01:32]} Qe7 {[%clk 01:03:31]} {[%emt 00:02:10]} 15. Rac1 {[%clk 00:59:47]}
{[%emt 00:05:28]} Rfd8 {[%clk 01:01:02]} {[%emt 00:02:58]} 16. h3 {[%clk
00:54:21]} {[%emt 00:05:56]} h6 {[%clk 01:01:12]} {[%emt 00:00:20]} 17. Nb1
{[%clk 00:53:19]} {[%emt 00:01:33]} Nce4 {[%clk 00:50:52]} {[%emt 00:10:49]} 18.
Nc3 {[%clk 00:46:43]} {[%emt 00:07:06]} Nxc3 {[%clk 00:48:48]} {[%emt
00:02:34]} 19. Rxc3 {[%clk 00:47:06]} {[%emt 00:00:07]} Ne4 {[%clk 00:44:39]}
{[%emt 00:04:39]} 20. Rc2 {[%clk 00:44:18]} {[%emt 00:03:17]} Qf6 {[%clk
00:43:11]} {[%emt 00:01:58]} 21. Rd4 {[%clk 00:43:34]} {[%emt 00:01:14]} Rac8
{[%clk 00:34:22]} {[%emt 00:09:20]} 22. cxd5 {[%clk 00:40:40]} {[%emt
00:03:25]} Nc3 {[%clk 00:32:12]} {[%emt 00:02:39]} 23. Qd2 {[%clk 00:33:35]}
{[%emt 00:07:35]} Nxd5 {[%clk 00:31:51]} {[%emt 00:00:51]} 24. e4 {[%clk
00:32:52]} {[%emt 00:01:13]} Rxc2 {[%clk 00:28:16]} {[%emt 00:04:05]} 25. Qxc2
{[%clk 00:33:16]} {[%emt 00:00:05]} Nb6 {[%clk 00:28:00]} {[%emt 00:00:46]} 26.
Qd2 {[%clk 00:18:59]} {[%emt 00:14:47]} Rxd4 {[%clk 00:27:48]} {[%emt
00:00:42]} 27. Nxd4 {[%clk 00:18:49]} {[%emt 00:00:40]} Qe5 {[%clk 00:26:53]}
{[%emt 00:01:25]} 28. Qd3 {[%clk 00:18:04]} {[%emt 00:01:15]} Qa5 {[%clk
00:24:02]} {[%emt 00:03:21]} 29. Qc2 {[%clk 00:15:23]} {[%emt 00:03:13]} Qb4
{[%clk 00:20:27]} {[%emt 00:04:05]} 30. Nf3 {[%clk 00:14:39]} {[%emt 00:01:13]}
Nd7 {[%clk 00:18:48]} {[%emt 00:02:09]} 31. Qc7 {[%clk 00:13:32]} {[%emt
00:01:37]} Nf8 {[%clk 00:18:33]} {[%emt 00:00:46]} 32. Qb8 {[%clk 00:10:37]}
{[%emt 00:03:25]} Qxe4 {[%clk 00:14:52]} {[%emt 00:04:11]} 33. Ne5 {[%clk
00:09:07]} {[%emt 00:02:00]} Qd5 {[%clk 00:08:09]} {[%emt 00:07:13]} 34. Qc7
{[%clk 00:07:39]} {[%emt 00:01:58]} f6 {[%clk 00:08:23]} {[%emt 00:00:16]} 35.
Qf7+ {[%clk 00:06:39]} {[%emt 00:01:30]} Kh7 {[%clk 00:08:49]} {[%emt
00:00:04]} 36. Ng4 {[%clk 00:06:22]} {[%emt 00:00:47]} Nd7 {[%clk 00:09:06]}
{[%emt 00:00:13]} 37. Ne3 {[%clk 00:06:14]} {[%emt 00:00:38]} Qc6 {[%clk
00:08:59]} {[%emt 00:00:36]} 38. h4 {[%clk 00:04:52]} {[%emt 00:01:52]} Ne5
{[%clk 00:09:07]} {[%emt 00:00:22]} 39. Qe7 {[%clk 00:04:35]} {[%emt 00:00:48]}
Qe4 {[%clk 00:08:23]} {[%emt 00:01:13]} 40. h5 {[%clk 00:04:43]} {[%emt
00:00:22]} Nd3 {[%clk 00:08:18]} {[%emt 00:00:35]} 41. Qd6 {[%clk 00:03:16]}
{[%emt 00:01:58]} Nf4 {[%clk 00:07:59]} {[%emt 00:00:47]} 42. Qd1 {[%clk
00:03:43]} {[%emt 00:00:04]} b5 {[%clk 00:05:59]} {[%emt 00:02:30]} 43. Qg4
{[%clk 00:02:57]} {[%emt 00:01:15]} f5 {[%clk 00:05:55]} {[%emt 00:00:34]} 44.
Qd1 {[%clk 00:03:09]} {[%emt 00:00:19]} b4 {[%clk 00:05:51]} {[%emt 00:00:34]}
45. Qc2 {[%clk 00:02:29]} {[%emt 00:01:10]} Nd3 {[%clk 00:01:45]} {[%emt
00:04:35]} 46. Qc4 {[%clk 00:01:54]} {[%emt 00:01:05]} Qxc4 {[%clk 00:01:40]}
{[%emt 00:00:35]} 47. bxc4 {[%clk 00:02:10]} {[%emt 00:00:15]} g6 {[%clk
00:01:19]} {[%emt 00:00:52]} 48. Nc2 {[%clk 00:01:56]} {[%emt 00:00:43]} gxh5
{[%clk 00:01:16]} {[%emt 00:00:33]} 49. Nd4 {[%clk 00:02:05]} {[%emt 00:00:21]}
Nc5 {[%clk 00:01:31]} {[%emt 00:00:15]} 50. Nc6 {[%clk 00:02:23]} {[%emt
00:00:11]} a6 {[%clk 00:01:07]} {[%emt 00:00:55]} 51. Nxb4 {[%clk 00:02:49]}
{[%emt 00:00:04]} Kg6 {[%clk 00:01:20]} {[%emt 00:00:16]} 52. f4 {[%clk
00:03:01]} {[%emt 00:00:18]} Kf6 {[%clk 00:01:17]} {[%emt 00:00:34]} 53. Nc6
{[%clk 00:02:41]} {[%emt 00:00:50]} Nd3 {[%clk 00:01:01]} {[%emt 00:00:46]} 54.
g3 {[%clk 00:01:26]} {[%emt 00:01:44]} e5 {[%clk 00:00:51]} {[%emt 00:00:40]}
55. fxe5+ {[%clk 00:00:58]} {[%emt 00:00:59]} Nxe5 {[%clk 00:01:16]} {[%emt
00:00:05]} 56. Nb4 {[%clk 00:01:03]} {[%emt 00:00:26]} a5 {[%clk 00:01:36]}
{[%emt 00:00:09]} 57. Nd5+ {[%clk 00:01:27]} {[%emt 00:00:06]} Ke6 {[%clk
00:01:30]} {[%emt 00:00:37]} 58. Ne3 {[%clk 00:01:08]} {[%emt 00:00:49]} h4
{[%clk 00:01:28]} {[%emt 00:00:30]} 59. gxh4 {[%clk 00:01:11]} {[%emt
00:00:28]} Nf3+ {[%clk 00:01:43]} {[%emt 00:00:15]} 60. Kf2 {[%clk 00:01:33]}
{[%emt 00:00:08]} Nxh4 {[%clk 00:02:09]} {[%emt 00:00:04]} 61. c5 {[%clk
00:01:03]} {[%emt 00:01:00]} Ng6 {[%clk 00:01:42]} {[%emt 00:00:57]} 62. Nc4
{[%clk 00:00:54]} {[%emt 00:00:38]} Ne5 {[%clk 00:02:08]} {[%emt 00:00:04]} 63.
Nxa5 {[%clk 00:01:05]} {[%emt 00:00:20]} Nd3+ {[%clk 00:02:35]} {[%emt
00:00:03]} 64. Kf3 {[%clk 00:01:16]} {[%emt 00:00:18]} Nxc5 {[%clk 00:02:57]}
{[%emt 00:00:08]} 65. Nc4 {[%clk 00:01:30]} {[%emt 00:00:17]} h5 {[%clk
00:02:54]} {[%emt 00:00:32]} 66. Kf4 {[%clk 00:01:45]} {[%emt 00:00:15]} h4
{[%clk 00:03:07]} {[%emt 00:00:18]} 67. Ne3 {[%clk 00:01:47]} {[%emt 00:00:27]}
Nd3+ {[%clk 00:02:33]} {[%emt 00:01:04]} 68. Kf3 {[%clk 00:01:35]} {[%emt
00:00:42]} f4 {[%clk 00:01:37]} {[%emt 00:01:27]} 69. Nc2 {[%clk 00:01:16]}
{[%emt 00:00:50]} h3 {[%clk 00:01:49]} {[%emt 00:00:17]} 70. Nd4+ {[%clk
00:00:58]} {[%emt 00:00:48]} Kf6 {[%clk 00:01:48]} {[%emt 00:00:31]} 71. Nc2
{[%clk 00:00:40]} {[%emt 00:00:48]} Ke5 {[%clk 00:01:39]} {[%emt 00:00:38]} 72.
a4 {[%clk 00:00:52]} {[%emt 00:00:19]} Kd5 {[%clk 00:01:52]} {[%emt 00:00:17]}
73. a5 {[%clk 00:00:47]} {[%emt 00:00:35]} Kc5 {[%clk 00:02:05]} {[%emt
00:00:17]} 74. a6 {[%clk 00:00:59]} {[%emt 00:00:19]} Kb6 {[%clk 00:02:28]}
{[%emt 00:00:06]} 75. Nd4 {[%clk 00:01:09]} {[%emt 00:00:20]} Ne1+ {[%clk
00:02:41]} {[%emt 00:00:17]} 0-1

[Event "English Open Championship 2024"]
[Site "Holiday Inn, 212 Abbey End, Kenilworth CV8 1ED, United Kingdom"]
[Date "2024.06.20"]
[Round "1.19"]
[White "Hobson, Kenneth"]
[Black "Yu, Rock"]
[Result "0-1"]
[TimeControl "G90 + 30secs/move"]
[WhiteFideId "480819"]
[BlackFideId "489000"]
[WhiteElo "2227"]
[BlackElo "1939"]

1. e4 {[%clk 01:30:00]} {[%emt 00:00:59]} Nf6 {[%clk 01:30:00]} {[%emt
00:00:58]} 2. e5 {[%clk 01:28:26]} {[%emt 00:02:07]} Nd5 {[%clk 01:30:18]}
{[%emt 00:00:13]} 3. d4 {[%clk 01:28:23]} {[%emt 00:00:33]} d6 {[%clk
01:30:47]} {[%emt 00:00:01]} 4. c4 {[%clk 01:27:56]} {[%emt 00:00:55]} Nb6
{[%clk 01:30:46]} {[%emt 00:00:32]} 5. exd6 {[%clk 01:27:40]} {[%emt 00:00:46]}
cxd6 {[%clk 01:30:41]} {[%emt 00:00:35]} 6. Nc3 {[%clk 01:26:57]} {[%emt
00:01:13]} g6 {[%clk 01:31:02]} {[%emt 00:00:08]} 7. Be3 {[%clk 01:25:56]}
{[%emt 00:01:32]} Bg7 {[%clk 01:31:26]} {[%emt 00:00:06]} 8. Rc1 {[%clk
01:26:21]} {[%emt 00:00:05]} O-O {[%clk 01:31:51]} {[%emt 00:00:05]} 9. b3
{[%clk 01:24:39]} {[%emt 00:02:13]} Bf5 {[%clk 01:32:06]} {[%emt 00:00:14]} 10.
Nf3 {[%clk 01:22:09]} {[%emt 00:02:58]} d5 {[%clk 01:27:30]} {[%emt 00:05:07]}
11. c5 {[%clk 01:18:35]} {[%emt 00:04:04]} Nc8 {[%clk 01:25:47]} {[%emt
00:02:15]} 12. Be2 {[%clk 01:14:03]} {[%emt 00:05:01]} Nc6 {[%clk 01:25:14]}
{[%emt 00:01:03]} 13. O-O {[%clk 01:13:37]} {[%emt 00:00:55]} e6 {[%clk
01:21:37]} {[%emt 00:04:08]} 14. h3 {[%clk 01:09:09]} {[%emt 00:04:58]} a6
{[%clk 01:09:45]} {[%emt 00:12:22]} 15. Qd2 {[%clk 01:02:59]} {[%emt 00:06:40]}
N8e7 {[%clk 01:08:32]} {[%emt 00:01:43]} 16. Rfd1 {[%clk 01:02:24]} {[%emt
00:01:05]} h5 {[%clk 00:58:27]} {[%emt 00:10:33]} 17. Ne1 {[%clk 00:58:17]}
{[%emt 00:04:38]} e5 {[%clk 00:56:29]} {[%emt 00:02:30]} 18. dxe5 {[%clk
00:55:54]} {[%emt 00:02:52]} Be6 {[%clk 00:51:26]} {[%emt 00:05:31]} 19. Bf3
{[%clk 00:51:40]} {[%emt 00:04:45]} Qc7 {[%clk 00:50:02]} {[%emt 00:01:54]} 20.
Bh6 {[%clk 00:42:55]} {[%emt 00:09:16]} Nxe5 {[%clk 00:46:23]} {[%emt
00:04:09]} 21. Bxg7 {[%emt 00:00:39]} Kxg7 {[%clk 00:46:24]} {[%emt 00:00:21]}
22. Qb2 {[%clk 00:37:25]} {[%emt 00:05:59]} Rad8 {[%clk 00:43:34]} {[%emt
00:03:20]} 23. Be2 {[%clk 00:32:07]} {[%emt 00:05:48]} f6 {[%clk 00:42:09]}
{[%emt 00:01:54]} 24. Nf3 {[%clk 00:32:00]} {[%emt 00:00:38]} N7c6 {[%clk
00:38:15]} {[%emt 00:04:24]} 25. b4 {[%clk 00:29:17]} {[%emt 00:03:13]} d4
{[%clk 00:36:24]} {[%emt 00:02:20]} 26. Ne4 {[%clk 00:28:45]} {[%emt 00:01:03]}
d3 {[%clk 00:35:36]} {[%emt 00:01:18]} 27. Bf1 {[%clk 00:28:11]} {[%emt
00:01:04]} Nxf3+ {[%clk 00:34:11]} {[%emt 00:01:55]} 28. gxf3 {[%clk 00:28:35]}
{[%emt 00:00:05]} Ne5 {[%clk 00:34:34]} {[%emt 00:00:07]} 29. Bg2 {[%clk
00:26:51]} {[%emt 00:02:15]} h4 {[%clk 00:25:20]} {[%emt 00:09:45]} 30. Nd6
{[%clk 00:23:50]} {[%emt 00:03:30]} Qc6 {[%clk 00:24:19]} {[%emt 00:01:30]} 31.
b5 {[%clk 00:21:25]} {[%emt 00:02:56]} axb5 {[%clk 00:23:01]} {[%emt 00:01:48]}
32. Kh1 {[%clk 00:20:24]} {[%emt 00:01:30]} Bd5 {[%clk 00:18:53]} {[%emt
00:04:38]} 33. Qxb5 {[%clk 00:20:32]} {[%emt 00:00:22]} Rxd6 {[%clk 00:17:02]}
{[%emt 00:02:22]} 34. Qxc6 {[%clk 00:20:20]} {[%emt 00:00:42]} Rxc6 {[%clk
00:17:30]} {[%emt 00:00:02]} 35. f4 {[%clk 00:20:42]} {[%emt 00:00:08]} Bxg2+
{[%clk 00:17:32]} {[%emt 00:00:28]} 36. Kxg2 {[%clk 00:21:07]} {[%emt
00:00:05]} Nd7 {[%clk 00:17:47]} {[%emt 00:00:14]} 37. Rxd3 {[%clk 00:21:32]}
{[%emt 00:00:06]} Nxc5 {[%clk 00:18:08]} {[%emt 00:00:09]} 38. Rd5 {[%clk
00:21:32]} {[%emt 00:00:29]} Ne6 {[%clk 00:17:30]} {[%emt 00:01:09]} 39. Rd7+
{[%clk 00:21:26]} {[%emt 00:00:36]} Rf7 {[%clk 00:17:40]} {[%emt 00:00:20]} 40.
Rxf7+ {[%clk 00:20:45]} {[%emt 00:01:11]} Kxf7 {[%clk 00:18:00]} {[%emt
00:00:10]} 41. Rxc6 {[%clk 00:21:00]} {[%emt 00:00:15]} bxc6 {[%clk 00:18:29]}
{[%emt 00:00:01]} 42. a4 {[%clk 00:21:12]} {[%emt 00:00:19]} Nc5 {[%clk
00:18:14]} {[%emt 00:00:43]} 43. a5 {[%clk 00:21:37]} {[%emt 00:00:06]} Ke6
{[%clk 00:18:39]} {[%emt 00:00:04]} 44. Kf3 {[%clk 00:22:01]} {[%emt 00:00:07]}
f5 {[%clk 00:18:39]} {[%emt 00:00:29]} 45. Ke3 {[%clk 00:22:12]} {[%emt
00:00:20]} Kd5 {[%clk 00:19:09]} {[%emt 00:00:01]} 0-1

[Event "English Open Championship 2024"]
[Site "Holiday Inn, 212 Abbey End, Kenilworth CV8 1ED, United Kingdom"]
[Date "2024.06.20"]
[Round "1.20"]
[White "Hertog, Alexander"]
[Black "Okhai, Shabir"]
[Result "0-1"]
[TimeControl "G90 + 30secs/move"]
[WhiteFideId "488453"]
[BlackFideId "445134"]
[WhiteElo "1943"]
[BlackElo "2099"]

1. d4 {[%clk 01:30:57]} Nf6 {[%clk 01:30:55]} {[%emt 00:00:06]} 2. c4 {[%clk
01:31:25]} {[%emt 00:00:02]} e6 {[%clk 01:31:19]} {[%emt 00:00:06]} 3. Nf3
{[%clk 01:31:53]} {[%emt 00:00:02]} c5 {[%clk 01:31:43]} {[%emt 00:00:05]} 4.
d5 {[%clk 01:32:22]} {[%emt 00:00:02]} d6 {[%clk 01:32:08]} {[%emt 00:00:05]} 5.
Nc3 {[%clk 01:32:48]} {[%emt 00:00:04]} exd5 {[%clk 01:32:33]} {[%emt
00:00:05]} 6. cxd5 {[%clk 01:33:13]} {[%emt 00:00:06]} g6 {[%clk 01:32:58]}
{[%emt 00:00:04]} 7. Nd2 {[%clk 01:33:38]} {[%emt 00:00:06]} Bg7 {[%clk
01:32:59]} {[%emt 00:00:29]} 8. e4 {[%clk 01:34:04]} {[%emt 00:00:04]} O-O
{[%clk 01:33:06]} {[%emt 00:00:22]} 9. Be2 {[%clk 01:33:57]} {[%emt 00:00:38]}
Na6 {[%clk 01:32:40]} {[%emt 00:00:56]} 10. O-O {[%clk 01:32:32]} {[%emt
00:01:54]} Nc7 {[%clk 01:32:09]} {[%emt 00:01:01]} 11. a4 {[%clk 01:31:38]}
{[%emt 00:01:24]} Re8 {[%clk 01:31:49]} {[%emt 00:00:49]} 12. Re1 {[%clk
01:28:01]} {[%emt 00:04:09]} b6 {[%clk 01:29:40]} {[%emt 00:02:38]} 13. Bf1
{[%clk 01:21:07]} {[%emt 00:07:24]} Ba6 {[%clk 01:25:48]} {[%emt 00:04:21]} 14.
Bxa6 {[%clk 01:08:00]} {[%emt 00:13:38]} Nxa6 {[%clk 01:26:06]} {[%emt
00:00:12]} 15. Nc4 {[%clk 01:08:17]} {[%emt 00:00:13]} Nb4 {[%clk 01:19:14]}
{[%emt 00:07:22]} 16. Bf4 {[%clk 01:06:32]} {[%emt 00:02:14]} Bf8 {[%clk
01:19:07]} {[%emt 00:00:38]} 17. Re2 {[%clk 00:56:27]} {[%emt 00:10:35]} a6
{[%clk 01:11:33]} {[%emt 00:08:05]} 18. Qd2 {[%clk 00:54:17]} {[%emt 00:02:40]}
Nh5 {[%clk 00:58:31]} {[%emt 00:13:31]} 19. Bg5 {[%clk 00:36:58]} {[%emt
00:17:49]} f6 {[%clk 00:58:51]} {[%emt 00:00:10]} 20. Bh4 {[%clk 00:36:50]}
{[%emt 00:00:38]} g5 {[%clk 00:55:23]} {[%emt 00:03:57]} 21. Bg3 {[%clk
00:37:14]} {[%emt 00:00:07]} Nxg3 {[%clk 00:53:57]} {[%emt 00:01:56]} 22. fxg3
{[%clk 00:34:55]} {[%emt 00:02:49]} Rb8 {[%clk 00:44:58]} {[%emt 00:09:29]} 23.
Rf1 {[%clk 00:33:58]} {[%emt 00:01:28]} Bg7 {[%clk 00:43:59]} {[%emt 00:01:28]}
24. Ref2 {[%clk 00:27:14]} {[%emt 00:07:14]} b5 {[%clk 00:42:52]} {[%emt
00:01:38]} 25. Ne3 {[%clk 00:26:25]} {[%emt 00:01:18]} c4 {[%clk 00:39:46]}
{[%emt 00:03:36]} 26. Ng4 {[%clk 00:07:45]} {[%emt 00:19:10]} Rf8 {[%clk
00:36:07]} {[%emt 00:04:08]} 27. Ne2 {[%clk 00:06:43]} {[%emt 00:01:32]} Nd3
{[%clk 00:36:00]} {[%emt 00:00:38]} 28. Rf5 {[%clk 00:06:58]} {[%emt 00:00:15]}
bxa4 {[%clk 00:30:52]} {[%emt 00:05:38]} 29. Qc3 {[%clk 00:03:52]} {[%emt
00:03:35]} Qb6+ {[%clk 00:30:02]} {[%emt 00:01:21]} 30. Nd4 {[%clk 00:02:15]}
{[%emt 00:02:08]} Ne5 {[%clk 00:26:43]} {[%emt 00:03:49]} 31. Nxf6+ {[%clk
00:01:39]} {[%emt 00:01:05]} Rxf6 {[%clk 00:26:21]} {[%emt 00:00:52]} 32. Rxf6
{[%clk 00:02:06]} {[%emt 00:00:03]} Ng4 {[%clk 00:25:19]} {[%emt 00:01:31]} 33.
Kh1 {[%clk 00:00:39]} {[%emt 00:01:58]} Bxf6 {[%clk 00:25:00]} {[%emt
00:00:49]} 34. Qf3 {[%clk 00:01:06]} {[%emt 00:00:03]} Qxd4 {[%clk 00:23:20]}
{[%emt 00:02:11]} 35. Qxg4 {[%clk 00:01:32]} {[%emt 00:00:04]} Qe5 {[%clk
00:20:37]} {[%emt 00:03:12]} 36. h4 {[%clk 00:01:54]} {[%emt 00:00:08]} Rf8
{[%clk 00:18:48]} {[%emt 00:02:19]} 37. Rf5 {[%clk 00:01:27]} {[%emt 00:00:57]}
Qxb2 {[%clk 00:18:45]} {[%emt 00:00:33]} 38. hxg5 {[%clk 00:01:52]} {[%emt
00:00:05]} Bg7 {[%clk 00:18:16]} {[%emt 00:00:58]} 39. g6 {[%clk 00:02:16]}
{[%emt 00:00:07]} hxg6 {[%clk 00:17:38]} {[%emt 00:01:08]} 40. Rxf8+ {[%clk
00:00:33]} {[%emt 00:02:13]} Bxf8 {[%clk 00:17:51]} {[%emt 00:00:17]} 41. Qxg6+
{[%clk 00:01:01]} {[%emt 00:00:02]} Qg7 {[%clk 00:18:12]} {[%emt 00:00:09]} 42.
Qe6+ {[%clk 00:01:26]} {[%emt 00:00:05]} Kh8 {[%clk 00:18:13]} {[%emt
00:00:29]} 43. Kg1 {[%clk 00:01:52]} {[%emt 00:00:04]} Qxg3 {[%clk 00:15:58]}
{[%emt 00:02:45]} 44. Qc8 {[%clk 00:01:01]} {[%emt 00:01:22]} Qe3+ {[%clk
00:15:12]} {[%emt 00:01:15]} 45. Kh1 {[%clk 00:00:51]} {[%emt 00:00:40]} Qh6+
{[%clk 00:15:22]} {[%emt 00:00:20]} 46. Kg1 {[%clk 00:01:17]} {[%emt 00:00:04]}
a3 {[%clk 00:14:49]} {[%emt 00:01:03]} 47. Qxc4 {[%clk 00:01:30]} {[%emt
00:00:16]} Qe3+ {[%clk 00:14:33]} {[%emt 00:00:46]} 48. Kh2 {[%clk 00:01:42]}
{[%emt 00:00:19]} Qf4+ {[%clk 00:13:36]} {[%emt 00:01:25]} 49. Kh1 {[%clk
00:01:48]} {[%emt 00:00:26]} Bg7 {[%clk 00:13:50]} {[%emt 00:00:16]} 50. Qxa6
{[%clk 00:00:39]} {[%emt 00:01:39]} Qh4+ {[%clk 00:14:09]} {[%emt 00:00:10]} 51.
Kg1 {[%clk 00:01:05]} {[%emt 00:00:05]} Bd4+ {[%clk 00:14:35]} {[%emt
00:00:04]} 52. Kf1 {[%clk 00:01:30]} {[%emt 00:00:05]} Qf2# {[%clk 00:15:01]}
{[%emt 00:00:04]} 0-1

[Event "English Open Championship 2024"]
[Site "Holiday Inn, 212 Abbey End, Kenilworth CV8 1ED, United Kingdom"]
[Date "2024.06.20"]
[Round "1.22"]
[White "Gordon, Sean"]
[Black "Murawski, Jan"]
[Result "0-1"]
[TimeControl "G90 + 30secs/move"]
[WhiteFideId "498793"]
[BlackFideId "21009287"]
[WhiteElo "1964"]
[BlackElo "2134"]

1. e4 {[%clk 01:30:51]} {[%emt 00:00:08]} e5 {[%clk 01:30:59]} {[%emt
00:00:02]} 2. Nf3 {[%clk 01:31:14]} {[%emt 00:00:07]} Nc6 {[%clk 01:31:27]}
{[%emt 00:00:02]} 3. Bb5 {[%clk 01:31:26]} {[%emt 00:00:17]} Nf6 {[%clk
01:31:55]} {[%emt 00:00:02]} 4. O-O {[%clk 01:31:34]} {[%emt 00:00:22]} Nxe4
{[%clk 01:32:20]} {[%emt 00:00:05]} 5. Re1 {[%clk 01:31:54]} {[%emt 00:00:10]}
Nd6 {[%clk 01:32:48]} {[%emt 00:00:02]} 6. Nxe5 {[%clk 01:32:09]} {[%emt
00:00:15]} Nxe5 {[%clk 01:33:16]} {[%emt 00:00:02]} 7. Rxe5+ {[%clk 01:32:30]}
{[%emt 00:00:09]} Be7 {[%clk 01:33:45]} {[%emt 00:00:01]} 8. Bf1 {[%clk
01:32:44]} {[%emt 00:00:17]} O-O {[%clk 01:34:12]} {[%emt 00:00:02]} 9. d4
{[%clk 01:33:02]} {[%emt 00:00:12]} Bf6 {[%clk 01:34:41]} {[%emt 00:00:01]} 10.
Re1 {[%clk 01:33:10]} {[%emt 00:00:22]} Nf5 {[%clk 01:35:08]} {[%emt 00:00:02]}
11. c3 {[%clk 01:32:07]} {[%emt 00:01:33]} d5 {[%clk 01:35:29]} {[%emt
00:00:09]} 12. Nd2 {[%clk 01:27:56]} {[%emt 00:04:42]} Nd6 {[%clk 01:29:55]}
{[%emt 00:06:04]} 13. Bd3 {[%clk 01:24:39]} {[%emt 00:03:47]} Re8 {[%clk
01:24:42]} {[%emt 00:05:42]} 14. Nf1 {[%clk 01:21:36]} {[%emt 00:03:33]} Rxe1
{[%clk 01:22:52]} {[%emt 00:02:20]} 15. Qxe1 {[%clk 01:22:00]} {[%emt
00:00:07]} Bf5 {[%clk 01:23:12]} {[%emt 00:00:09]} 16. Bxf5 {[%clk 01:19:11]}
{[%emt 00:03:19]} Nxf5 {[%clk 01:23:39]} {[%emt 00:00:02]} 17. Bf4 {[%clk
01:17:41]} {[%emt 00:02:00]} Qd7 {[%clk 01:22:41]} {[%emt 00:01:28]} 18. Qd2
{[%clk 01:15:53]} {[%emt 00:02:19]} Re8 {[%clk 01:22:24]} {[%emt 00:00:46]} 19.
Re1 {[%clk 01:14:27]} {[%emt 00:01:56]} c6 {[%clk 01:22:12]} {[%emt 00:00:43]}
20. Ng3 {[%clk 01:08:58]} {[%emt 00:05:58]} Nxg3 {[%clk 01:22:19]} {[%emt
00:00:23]} 21. hxg3 {[%clk 01:07:20]} {[%emt 00:02:08]} Re6 {[%clk 01:20:16]}
{[%emt 00:02:32]} 22. Kf1 {[%clk 01:05:18]} {[%emt 00:02:33]} h6 {[%clk
01:19:01]} {[%emt 00:01:45]} 23. Qd3 {[%clk 00:50:48]} {[%emt 00:15:00]} Rxe1+
{[%clk 01:17:26]} {[%emt 00:02:05]} 24. Kxe1 {[%clk 00:49:59]} {[%emt
00:01:19]} g5 {[%clk 01:14:14]} {[%emt 00:03:42]} 25. Bc1 {[%clk 00:49:18]}
{[%emt 00:01:11]} Qe6+ {[%clk 01:12:14]} {[%emt 00:02:30]} 26. Kf1 {[%clk
00:47:46]} {[%emt 00:02:03]} Qg4 {[%clk 01:09:37]} {[%emt 00:03:06]} 27. Qf3
{[%clk 00:43:58]} {[%emt 00:04:18]} Qe6 {[%clk 01:07:24]} {[%emt 00:02:43]} 28.
g4 {[%clk 00:41:57]} {[%emt 00:02:31]} Kg7 {[%clk 01:07:10]} {[%emt 00:00:44]}
29. Qf5 {[%clk 00:38:02]} {[%emt 00:04:25]} Qd6 {[%clk 01:05:24]} {[%emt
00:02:15]} 30. g3 {[%clk 00:34:05]} {[%emt 00:04:29]} c5 {[%clk 01:04:26]}
{[%emt 00:01:27]} 31. dxc5 {[%clk 00:29:42]} {[%emt 00:04:53]} Qxc5 {[%clk
01:04:22]} {[%emt 00:00:33]} 32. Qd3 {[%clk 00:29:24]} {[%emt 00:00:49]} Qc8
{[%clk 00:54:27]} {[%emt 00:10:25]} 33. Qxd5 {[%clk 00:21:47]} {[%emt
00:08:08]} Qxg4 {[%clk 00:54:49]} {[%emt 00:00:07]} 34. Kg2 {[%clk 00:19:51]}
{[%emt 00:02:26]} b6 {[%clk 00:54:20]} {[%emt 00:00:59]} 35. a3 {[%clk
00:16:08]} {[%emt 00:04:14]} Qe2 {[%clk 00:53:49]} {[%emt 00:01:00]} 36. Qf3
{[%clk 00:14:13]} {[%emt 00:02:25]} Qc2 {[%clk 00:53:42]} {[%emt 00:00:36]} 37.
Qe3 {[%clk 00:14:06]} {[%emt 00:00:38]} h5 {[%clk 00:50:40]} {[%emt 00:03:33]}
38. Kh3 {[%clk 00:11:54]} {[%emt 00:02:41]} b5 {[%clk 00:47:57]} {[%emt
00:03:13]} 39. Kg2 {[%clk 00:10:45]} {[%emt 00:01:39]} a5 {[%clk 00:47:03]}
{[%emt 00:01:24]} 40. Qd2 {[%clk 00:09:24]} {[%emt 00:01:51]} Qxd2 {[%clk
00:43:00]} {[%emt 00:04:33]} 41. Bxd2 {[%clk 00:09:49]} {[%emt 00:00:05]} a4
{[%clk 00:43:10]} {[%emt 00:00:20]} 42. Kf3 {[%clk 00:05:26]} {[%emt 00:04:53]}
Kg6 {[%clk 00:42:54]} {[%emt 00:00:46]} 43. Ke4 {[%clk 00:02:36]} {[%emt
00:03:20]} Bd8 {[%clk 00:39:05]} {[%emt 00:04:18]} 44. f4 {[%clk 00:02:03]}
{[%emt 00:01:05]} f5+ {[%clk 00:36:13]} {[%emt 00:03:22]} 45. Kd5 {[%clk
00:02:31]} {[%emt 00:00:02]} h4 {[%clk 00:36:03]} {[%emt 00:00:39]} 46. gxh4
{[%clk 00:01:23]} {[%emt 00:01:38]} gxh4 {[%clk 00:36:25]} {[%emt 00:00:08]} 47.
Be1 {[%clk 00:01:50]} {[%emt 00:00:03]} h3 {[%clk 00:36:48]} {[%emt 00:00:07]}
48. Bg3 {[%clk 00:02:17]} {[%emt 00:00:04]} Kh5 {[%clk 00:37:06]} {[%emt
00:00:11]} 49. Kc6 {[%clk 00:02:33]} {[%emt 00:00:14]} Kg4 {[%clk 00:37:29]}
{[%emt 00:00:06]} 50. Bh2 {[%clk 00:03:01]} {[%emt 00:00:03]} Kf3 {[%clk
00:37:54]} {[%emt 00:00:05]} 0-1